Catalog

Record Details

Catalog Search



Available copies

  • 5 of 5 copies available at LARL/NWRL Consortium.
  • 4 of 4 copies available at Northwest Regional Library. (Show preferred library)

Current holds

0 current holds with 5 total copies.

Show Only Available Copies
Location Call Number / Copy Notes Barcode Shelving Location Status Due Date
Godel Memorial-Warren Library SID (Text) 35500003748892 Main Available -
Hallock Public Library SID (Text) 35500003748900 Main Available -
Roseau Public Library SID (Text) 35500003746011 Main Available -
Thief River Falls Public Library SID (Text) 35500003763412 Main Available -
Moorhead Public Library SID (Text) 33500010529220 Main Available -

Record details

  • ISBN: 0066213355 (acid-free paper)
  • Physical Description: 356 p. ; 24 cm.
  • Edition: 1st ed.
  • Publisher: New York : HarperCollins, 2005.
Subject: Female friendship > Fiction.
South Carolina > Fiction.
Genre: Domestic fiction.
LDR 01552nam a22003498a 4500
00159724
003LARL_NWRL_CONSORTIUM
00520050803125633.0
008050512s2005 nyu 000 1 eng
010 . ‡a2005046279
020 . ‡a0066213355 (acid-free paper)
035 . ‡a(OCoLC)60419401
040 . ‡aDLC ‡cDLC ‡dBAKER
08200. ‡a813/.54 ‡222
1001 . ‡aSiddons, Anne Rivers. ‡0(LARL_NWRL_CONSORTIUM)48384
24510. ‡aSweetwater Creek : ‡ba novel / ‡cAnne Rivers Siddons.
250 . ‡a1st ed.
260 . ‡aNew York : ‡bHarperCollins, ‡c2005.
300 . ‡a356 p. ; ‡c24 cm.
650 0. ‡aFemale friendship ‡vFiction. ‡0(LARL_NWRL_CONSORTIUM)164947
651 0. ‡aSouth Carolina ‡vFiction. ‡0(LARL_NWRL_CONSORTIUM)167302
655 0. ‡aDomestic fiction.
901 . ‡a59724 ‡bOCLC ‡c59724 ‡tbiblio

Additional Resources